Top 100 Meest bekeken Wikipedia-artikelen - Statistieken

Algemene statistieken
  • Deze quiz is 4.847 keer genomen
    4.241 sinds de laatste reset
  • De gemiddelde score is 28 van 100
Antwoordstatistieken
Rang Bekeken Tip Pagina % Correct
2 243 Wereldleider Donald Trump
67%
14 127 Rapper Eminem
66%
1 254 Land Verenigde Staten
65%
34 96 Stad New York
62%
11 132 Het is ongemakkelijkom hierover met je ouders te praten Geslachtsgemeenschap
61%
31 100 Land China
59%
20 113 Land Canada
57%
35 96 Land Rusland
56%
5 161 Wereldleider Barack Obama
55%
32 96 Land Japan
53%
7 145 Conflict Tweede Wereldoorlog
53%
8 144 Land Verenigd Koninkrijk
52%
12 129 Wereldleider Adolf Hitler
50%
53 90 Boeken- en Filmreeks Harry Potter
49%
3 198 Royalty Koningin Elizabeth II
47%
100 77 Wereldleider Vladimir Poetin
46%
9 142 Zanger Michael Jackson
43%
44 93 Acteur Leonardo DiCaprio
42%
68 85 Land Frankrijk
41%
6 151 Atleet Cristiano Ronaldo
40%
33 96 Rapper Kanye West
40%
10 135 Zakenman Elon Musk
39%
47 91 Prijzenfestival Academy Awards / Oscars
38%
4 165 Land India
38%
15 125 Atleet Lionel Messi
38%
40 94 Land Duitsland
37%
49 91 Wereldleider Joe Biden
37%
85 80 Zakenman Bill Gates
36%
17 121 Conflict Eerste Wereldoorlog
35%
77 82 Conflict {Vietnam}oorlog
35%
81 82 Crimineel Ted Bundy
34%
87 80 Boot / Film RMS Titanic
33%
26 107 Land Australië
32%
39 94 Fictief figuur Darth Vader
32%
19 114 Zanger Justin Bieber
32%
97 77 Stad Londen
32%
29 102 Zangeres Taylor Swift
32%
95 77 Crimineel Charles Manson
31%
48 91 Wetenschapper Albert Einstein
30%
50 91 Zangeres Rihanna
30%
90 78 Atleet Bruce Lee
29%
71 85 Gebeurtenis Kernramp van {Tsjernobyl}
29%
60 88 Crimineel Jeffrey Dahmer
28%
89 80 Acteur Tom Brady
28%
23 109 Acteur Johnny Depp
27%
42 94 Zangeres Miley Cyrus
27%
43 94 Filmreeks Star Wars
27%
84 80 Planeet Aarde
25%
86 80 Rapper Jay-Z
25%
65 86 Royalty Prinses Diana
25%
18 116 Band The Beatles
25%
91 78 Land Israël
24%
22 111 TV-persoonlijkheid Kim Kardashian
24%
38 94 Royalty Koning Charles III
24%
74 83 Royalty Meghan Markle
24%
96 77 Acteur en atleet John Cena
23%
59 89 Rapper Tupac Shakur
23%
93 78 Wereldleider Winston Churchill
23%
66 85 Zangeres Ariana Grande
21%
62 87 Gebeurtenis COVID-19 Pandemie
21%
27 107 Atleet Michael Jordan
19%
37 94 Gebeurtenis Aanslagen van 9.11
18%
94 77 Acteur Brad Pitt
18%
41 94 Atleet LeBron James
18%
82 81 Sportclub Manchester United
18%
78 82 Zakenman Mark Zuckerberg
18%
92 78 Zangeres Nicki Minaj
18%
56 89 Actrice Angelina Jolie
17%
16 122 TV-serie Game of Thrones
17%
80 82 Crimineel Pablo Escobar
16%
25 108 Zakenman Steve Jobs
16%
24 108 Acteur Dwayne Johnson
15%
13 129 Zangeres Lady Gaga
15%
36 95 Wereldleider Abraham Lincoln
14%
72 84 TV-serie Breaking Bad
14%
52 90 Zanger Elvis Presley
13%
63 87 Wereldleider John F. Kennedy
13%
54 90 Royalty Prins Philip
13%
67 85 Acteur Arnold Schwarzenegger
12%
57 89 Rapper Lil Wayne
12%
75 83 Atleet Muhammad Ali
12%
88 80 Stadstaat Singapore
12%
28 103 TV-serie The Big Bang Theory
12%
51 91 Acteur Tom Cruise
12%
83 81 Schrijver William Shakespeare
12%
61 88 Royalty Koningin Victoria
11%
46 92 Zangeres Selena Gomez
11%
45 92 Atleet Kobe Bryant
10%
98 77 Royalty Prinses Margaret
10%
55 90 TV-serie The Walking Dead
10%
76 83 Acteur Will Smith
10%
21 113 Zanger Freddie Mercury
9%
69 85 TV-serie How I Met Your Mother
9%
99 77 Acteur Ryan Reynolds
9%
58 89 Actrice Scarlett Johansson
9%
73 84 Actrice Jennifer Aniston
8%
30 101 Wetenschapper Stephen Hawking
8%
64 86 Actrice Marilyn Monroe
7%
70 85 Acteur Keanu Reeves
3%
79 82 Actrice Mila Kunis
3%
Geen overeenkomende quizzen gevonden
Scoreverdeling
Procent van Mensen met Elke Score
Percentiel versus Aantal Correcte Antwoorden
Uw Scoregeschiedenis
U heeft deze quiz nog niet genomen sinds de laatste reset